Russia Quiz - Statistics

General Stats
  • This quiz has been taken 3 times
  • The average score is 9 of 15
Answer Stats
Hint Answer % Correct
Who was the dictator during WW2? Joseph Stalin
100%
What is the currency of Russia Ruble
100%
What is main language of Russia? Russian
100%
What is Russia currently in war with? Ukraine
100%
Who established USSR Vladimir Lenin
100%
What was the name of the first man to orbit the earth? Yuri Gagarin
100%
The first Tsar Ivan The Terrible
67%
What did Russia start as Kievan Rus
67%
Who defeated Kievan Rus Genghis Khan
33%
Why did Kievan Rus fall apart Mongol Conquest
33%
What country defeated Kievan Rus Mongolia
33%
Who created Kievan Rus Rurik
33%
Russian full name Russian Federation
33%
Russians Religion Orthodoxy (Christianity)
0%
Russia on Russian Rossiya (Россия)
0%
No matching quizzes found
Score Distribution
Percent of People with Each Score
Percentile by Number Answered
Your Score History
You have not taken this quiz